| 000 | 00638nam a2200217 a 4500 | ||
|---|---|---|---|
| 005 | 20240831063806.0 | ||
| 008 | 160428s2007 mx r 000 0 spa d | ||
| 020 | _a9789681683689 | ||
| 035 | _aUPN01000209926 | ||
| 049 | _aI | ||
| 050 | 4 |
_aPZ76.3 _bS2.2 |
|
| 100 | 1 |
_aSáez Castán, Javier, _d1964- _935651 |
|
| 245 | 1 | 0 |
_aLibro caracol / _cJavier Sáez Castán. |
| 260 |
_aMéxico : _bFCE, _c2007. |
||
| 300 |
_a18 p. : _bil. col. |
||
| 440 | 4 | _aLos especiales de A la orilla del viento | |
| 650 | 4 |
_aCuentos infantiles españoles _97725 |
|
| 650 | 0 |
_aAnimales _vCuentos y leyendas _9234 |
|
| 905 | _aInfantil | ||
| 999 |
_c182027 _d182027 |
||